[Event "Manaus op 2nd"]
[Site "Manaus"]
[Date "2023.10.16"]
[Round "8"]
[White "Chagas, Lilem De Jesus Cass"]
[Black "De Pontes e Souza, Jose Geraldo"]
[Result "0-1"]
[WhiteElo "1788"]
[BlackElo "1786"]
[PlyCount "104"]
[EventDate "2023.10.11"]
[EventType "swiss"]
[EventRounds "9"]
[EventCountry "BRA"]
[SourceTitle "Mega2024 Update 01"]
[Source "Chessbase"]
[SourceDate "2023.11.12"]
[SourceVersion "1"]
[SourceVersionDate "2023.11.12"]
[SourceQuality "1"]

1. d4 Nf6 2. Nc3 e6 3. Bg5 Be7 4. e4 0-0 5. e5 Nd5 6. Bxe7 Nxc3 7. Bxd8 Nxd1 8. Be7 Nxf2 9. Kxf2 Re8 10. Ba3 b6 11. Bd3 Bb7 12. Nf3 h6 13. Rhg1 Na6 14. Nd2 Rac8 15. Ne4 c5 16. Nd6 c4 17. Be2 Bd5 18. Nxe8 Rxe8 19. Bd6 Nb8 20. c3 Nc6 21. Bf3 Ne7 22. Bxe7 Rxe7 23. Bxd5 exd5 24. Rge1 Re6 25. b3 b5 26. bxc4 dxc4 27. a4 a6 28. axb5 axb5 29. Reb1 Rb6 30. Rb4 f6 31. Ra5 fxe5 32. Rbxb5 Rf6+ 33. Ke3 exd4+ 34. Kxd4 Rf2 35. Rd5 Rxg2 36. Kxc4 Rxh2 37. Rxd7 Rg2 38. Re5 Kh7 39. Ree7 h5 40. Re4 Kh6 41. Re6+ g6 42. Kd4 Rd2+ 43. Ke5 Rxd7 44. c4 Rd1 45. Kf6 Rf1+ 46. Ke7 Rc1 47. Rc6 h4 48. Rc8 Kh5 49. c5 Kg4 50. c6 g5 51. Kf6 Rf1+ 52. Kg6 Rc1 0-1

[Event "Manaus op 2nd"]
[Site "Manaus"]
[Date "2023.10.15"]
[Round "7"]
[White "De Almeida Neto, Geraldo Walter"]
[Black "De Pontes e Souza, Jose Geraldo"]
[Result "1-0"]
[WhiteElo "1800"]
[BlackElo "1786"]
[PlyCount "123"]
[EventDate "2023.10.11"]
[EventType "swiss"]
[EventRounds "9"]
[EventCountry "BRA"]
[SourceTitle "Mega2024 Update 01"]
[Source "Chessbase"]
[SourceDate "2023.11.12"]
[SourceVersion "1"]
[SourceVersionDate "2023.11.12"]
[SourceQuality "1"]

1. d4 Nf6 2. c4 e6 3. Nf3 b6 4. g3 Bb7 5. Bg2 Bb4+ 6. Nc3 Ne4 7. Qc2 0-0 8. 0-0 Nxc3 9. bxc3 Be7 10. a4 Nc6 11. Nd2 Na5 12. d5 f5 13. Re1 Rb8 14. e4 f4 15. Nb3 Nxc4 16. Bxf4 e5 17. Bc1 a5 18. Bf1 Nd6 19. c4 Ba6 20. c5 Bxf1 21. cxd6 Bxd6 22. Rxf1 Qe7 23. Bb2 Rbc8 24. Nd2 Bc5 25. Nc4 d6 26. Ba3 Bd4 27. Rad1 Qg5 28. Qe2 Rf7 29. Bc1 Qg6 30. Kg2 Rcf8 31. f3 h5 32. Ne3 Qf6 33. Nf5 Bc5 34. f4 Qg6 35. Nh4 Qh7 36. f5 Re8 37. Rf3 Kh8 38. Ng6+ Kg8 39. Bg5 Bd4 40. Qb5 Rb8 41. h4 Bc5 42. Qc6 b5 43. axb5 a4 44. b6 cxb6 45. Qxa4 b5 46. Qb3 Ra7 47. Qb1 Kf7 48. Ne7 Rxe7 49. Bxe7 Kxe7 50. Rdf1 Kf7 51. Qc1 Ra8 52. Qg5 Rh8 53. Ra1 Qg8 54. Qg6+ Ke7 55. Qe6+ Qxe6 56. fxe6 Rf8 57. Raf1 Rf6 58. Rxf6 gxf6 59. Rf5 b4 60. Rxh5 b3 61. Rh7+ Ke8 62. Rb7 1-0

[Event "Amazonas-ch Absoluto"]
[Site "Manaus"]
[Date "2021.12.05"]
[Round "3"]
[White "Farias, Igor Borge Cardoso"]
[Black "De Pontes e Souza, Jose Geraldo"]
[Result "1-0"]
[WhiteElo "2081"]
[BlackElo "1900"]
[PlyCount "115"]
[EventDate "2021.12.04"]
[EventType "k.o."]
[EventRounds "7"]
[EventCountry "BRA"]
[SourceTitle "EXT 2023"]
[Source "ChessBase"]
[SourceDate "2022.10.05"]
[SourceVersion "1"]
[SourceVersionDate "2022.10.05"]
[SourceQuality "1"]

1. c4 Nf6 2. Nc3 b6 3. e4 e5 4. d3 Nc6 5. g3 Bc5 6. Bg2 d6 7. Nge2 0-0 8. 0-0 a5 9. Bg5 h6 10. Bxf6 Qxf6 11. Nd5 Qd8 12. Kh1 Nd4 13. Nxd4 Bxd4 14. Qd2 c6 15. Nc3 Rb8 16. f4 exf4 17. Qxf4 Be5 18. Qe3 c5 19. Rab1 Be6 20. Ne2 Qd7 21. b3 Bh3 22. Bxh3 Qxh3 23. Rf5 g6 24. Nf4 Bxf4 25. Rxf4 Qe6 26. Rbf1 Kg7 27. Rf6 Qe5 28. Qf4 Rb7 29. Rxd6 Qxf4 30. Rxf4 f6 31. Kg2 h5 32. Kf3 b5 33. Rc6 bxc4 34. dxc4 a4 35. bxa4 Rb2 36. Rxc5 Rxh2 37. Ke3 Rxa2 38. Rf2 Rxa4 39. Rc2 Kf7 40. Rd5 Re8 41. Kd4 Rc8 42. e5 fxe5+ 43. Rxe5 Rd8+ 44. Rd5 Rc8 45. Rd6 Ke7 46. Rxg6 Rd8+ 47. Ke5 Rc8 48. c5 Ra5 49. Kd4 Rd8+ 50. Kc4 Rc8 51. Rg5 h4 52. gxh4 Ra4+ 53. Kb5 Rxh4 54. c6 Rh6 55. Kb6 Re6 56. Kb7 Rd8 57. c7 Rd7 58. Rg7+ 1-0

[Event "Amazonas-ch Absoluto"]
[Site "Manaus"]
[Date "2021.12.04"]
[Round "2"]
[White "De Pontes e Souza, Jose Geraldo"]
[Black "De Vasconcelos, Ivan Azevedo"]
[Result "1-0"]
[WhiteElo "1900"]
[BlackElo "1701"]
[PlyCount "71"]
[EventDate "2021.12.04"]
[EventType "k.o."]
[EventRounds "7"]
[EventCountry "BRA"]
[SourceTitle "EXT 2023"]
[Source "ChessBase"]
[SourceDate "2022.10.05"]
[SourceVersion "1"]
[SourceVersionDate "2022.10.05"]
[SourceQuality "1"]

1. e4 e5 2. Nf3 Nc6 3. Bb5 a6 4. Bxc6 dxc6 5. 0-0 Bg4 6. h3 Bh5 7. d3 Bd6 8. Be3 Nf6 9. Nbd2 Qe7 10. Qc1 0-0-0 11. Nc4 Bxf3 12. gxf3 c5 13. Qd2 h6 14. a4 Qe6 15. Kh2 g5 16. Rg1 Nh5 17. Nxd6+ cxd6 18. b4 Nf4 19. Bxf4 gxf4 20. bxc5 dxc5 21. Qa5 Kb8 22. Rab1 Rc8 23. Rb6 Rc6 24. Rgb1 Qe7 25. Qxa6 Rxb6 26. Qxb6 Qc7 27. Qf6 Rg8 28. Rb5 Rg6 29. Qh8+ Ka7 30. Qf8 f6 31. Qxc5+ Qxc5 32. Rxc5 Kb6 33. Rd5 Kc6 34. d4 Rg8 35. a5 h5 36. h4 1-0

[Event "Manaus Regional Norte-ch"]
[Site "Manaus"]
[Date "2017.09.10"]
[Round "6"]
[White "De Pontes e Souza, Jose Geraldo"]
[Black "Mousse Neto, Sebastiao Alberto"]
[Result "0-1"]
[WhiteElo "1801"]
[BlackElo "2091"]
[PlyCount "136"]
[EventDate "2017.09.07"]
[EventType "swiss"]
[EventRounds "7"]
[EventCountry "BRA"]
[SourceTitle "CBM 180 Extra"]
[Source "ChessBase"]
[SourceDate "2017.10.06"]
[SourceVersion "1"]
[SourceVersionDate "2017.10.06"]
[SourceQuality "1"]

1. e4 c5 2. Nf3 e6 3. d4 cxd4 4. Nxd4 Nc6 5. Nc3 Qc7 6. a3 a6 7. Be3 Nf6 8. Be2 b5 9. 0-0 Bb7 10. f3 Ne5 11. Qe1 Rc8 12. Bf4 d6 13. Rd1 Be7 14. Bxe5 dxe5 15. Nb3 0-0 16. Kh1 Rfd8 17. Qf2 Nd7 18. Bd3 Nc5 19. Nxc5 Bxc5 20. Qh4 Bd4 21. Be2 Rf8 22. Rd3 Qa5 23. Rfd1 h6 24. Qe7 Qb6 25. Qb4 f5 26. exf5 exf5 27. Qb3+ Kh8 28. Bf1 Qc5 29. h3 Bc6 30. Ne2 Bd5 31. Qb4 Qxb4 32. axb4 Bc4 33. Ra3 Bxe2 34. Bxe2 Rxc2 35. Bd3 Rxb2 36. Rxa6 Rxb4 37. Ra5 Rb8 38. Bxf5 Rb2 39. Be4 b4 40. Ra8 Rxa8 41. Bxa8 Kg8 42. Bd5+ Kf8 43. Kh2 Be3 44. h4 Ke7 45. Kh3 Bd4 46. Be4 Kd6 47. f4 Re2 48. fxe5+ Kxe5 49. Bh7 b3 50. g4 Re3+ 51. Kg2 Bc5 52. g5 Kf4 53. gxh6 gxh6 54. h5 Re2+ 55. Kh3 Re3+ 56. Kg2 Rg3+ 57. Kh2 Rg5 58. Bg6 b2 59. Rf1+ Ke3 60. Rb1 Bd6+ 61. Kh1 Be5 62. Rf1 Bf4 63. Rb1 Be5 64. Rf1 Bc3 65. Rb1 Kf2 66. Kh2 Be5+ 67. Kh3 Rg3+ 68. Kh2 Rxg6+ 0-1

[Event "Manaus Amazonas-ch"]
[Site "Manaus"]
[Date "2016.09.17"]
[Round "5"]
[White "De Pontes e Souza, Jose Geraldo"]
[Black "Da Fonseca, Jamilly Ferreira"]
[Result "1-0"]
[WhiteElo "1814"]
[BlackElo "1337"]
[PlyCount "51"]
[EventDate "2016.09.09"]
[EventType "swiss"]
[EventRounds "7"]
[EventCountry "BRA"]
[SourceTitle "CBM 174 Extra"]
[Source "ChessBase"]
[SourceDate "2016.10.10"]
[SourceVersion "1"]
[SourceVersionDate "2016.10.10"]
[SourceQuality "1"]

1. e4 c5 2. Nf3 d6 3. d4 cxd4 4. Nxd4 Nf6 5. Nc3 g6 6. Be3 Bg7 7. f3 0-0 8. Qd2 Nbd7 9. g4 a6 10. 0-0-0 e5 11. Nb3 Re8 12. g5 Nh5 13. Qxd6 Bf8 14. Qd2 Bb4 15. Bh3 Re7 16. Bc5 Bxc5 17. Nxc5 Qa5 18. Nxd7 Bxd7 19. Bxd7 Rd8 20. Nd5 Rexd7 21. Qxa5 Kg7 22. Nf6 Rxd1+ 23. Rxd1 Rxd1+ 24. Kxd1 Nf4 25. Qxe5 Ne6 26. h4 1-0

[Event "Manaus Amazonas-ch"]
[Site "Manaus"]
[Date "2016.09.17"]
[Round "6"]
[White "Rodolpho Filho, Joao"]
[Black "De Pontes e Souza, Jose Geraldo"]
[Result "0-1"]
[WhiteElo "1428"]
[BlackElo "1814"]
[PlyCount "54"]
[EventDate "2016.09.09"]
[EventType "swiss"]
[EventRounds "7"]
[EventCountry "BRA"]
[SourceTitle "CBM 174 Extra"]
[Source "ChessBase"]
[SourceDate "2016.10.10"]
[SourceVersion "1"]
[SourceVersionDate "2016.10.10"]
[SourceQuality "1"]

1. e4 g6 2. Nf3 Bg7 3. c3 c5 4. d4 cxd4 5. cxd4 d5 6. e5 Nc6 7. Bb5 Nh6 8. 0-0 0-0 9. Be3 Bg4 10. Nbd2 Nf5 11. Qa4 Nxe3 12. fxe3 Bd7 13. Qb3 e6 14. Rac1 Rb8 15. a3 a6 16. Bd3 b5 17. e4 Na5 18. Qa2 Nc4 19. exd5 exd5 20. Nxc4 bxc4 21. Be2 Qb6 22. Nh4 Bxe5 23. Nf3 Bg7 24. Kh1 Qxb2 25. Qxb2 Rxb2 26. Rfe1 Bh6 27. Rb1 Rfb8 0-1

[Event "Manaus Amazonas-ch"]
[Site "Manaus"]
[Date "2016.09.11"]
[Round "4"]
[White "Presa, Luis Alberto Passos"]
[Black "De Pontes e Souza, Jose Geraldo"]
[Result "1-0"]
[WhiteElo "1739"]
[BlackElo "1814"]
[PlyCount "91"]
[EventDate "2016.09.09"]
[EventType "swiss"]
[EventRounds "7"]
[EventCountry "BRA"]
[SourceTitle "CBM 174 Extra"]
[Source "ChessBase"]
[SourceDate "2016.10.10"]
[SourceVersion "1"]
[SourceVersionDate "2016.10.10"]
[SourceQuality "1"]

1. d4 Nf6 2. c4 e6 3. Nf3 b6 4. e3 Nc6 5. a3 Bb7 6. Nc3 Be7 7. Bd3 0-0 8. Qc2 h6 9. 0-0 Na5 10. Nd2 d5 11. cxd5 Nxd5 12. Nxd5 Bxd5 13. b4 Nc6 14. Bb2 Nb8 15. Rac1 c5 16. bxc5 bxc5 17. dxc5 Nd7 18. c6 Nc5 19. c7 Qxc7 20. e4 Bb7 21. Nb3 Rac8 22. Bd4 Na6 23. Bxa6 Qxc2 24. Rxc2 Rxc2 25. Bxb7 Rb8 26. Na5 Bc5 27. Be5 Rd8 28. Bg3 Bxa3 29. Ba6 Bc5 30. Nb7 Rc8 31. Nxc5 R8xc5 32. Bf4 Ra2 33. Be3 Rca5 34. Bc4 R2a4 35. Bd3 Ra3 36. Be2 R5a4 37. Bf3 a5 38. Bc5 Rc3 39. Bd6 Ra2 40. e5 a4 41. Be4 g6 42. Be7 Re2 43. f3 Rb2 44. Rd1 Rb8 45. Ra1 Rc7 46. Bd6 1-0

[Event "Manaus Amazonas-ch"]
[Site "Manaus"]
[Date "2016.09.10"]
[Round "3"]
[White "De Pontes e Souza, Jose Geraldo"]
[Black "Padilha, Gabriel Andreatta"]
[Result "1-0"]
[WhiteElo "1814"]
[BlackElo "1771"]
[PlyCount "83"]
[EventDate "2016.09.09"]
[EventType "swiss"]
[EventRounds "7"]
[EventCountry "BRA"]
[SourceTitle "CBM 174 Extra"]
[Source "ChessBase"]
[SourceDate "2016.10.10"]
[SourceVersion "1"]
[SourceVersionDate "2016.10.10"]
[SourceQuality "1"]

1. e4 e5 2. Nf3 Nc6 3. Bb5 Nf6 4. Bxc6 dxc6 5. d3 Be7 6. 0-0 0-0 7. Be3 Bg4 8. h3 Bxf3 9. Qxf3 c5 10. Nd2 b5 11. Nb3 c4 12. dxc4 bxc4 13. Na5 c5 14. Nxc4 Qd7 15. Nxe5 Qd6 16. Nc4 Qc7 17. e5 Nd7 18. Qg3 Rad8 19. Bh6 g6 20. Bxf8 Rxf8 21. Rad1 f6 22. Nd6 fxe5 23. Ne4 c4 24. Rd2 Bb4 25. c3 Nc5 26. Ng5 Ba5 27. Rfd1 e4 28. Qxc7 Bxc7 29. Rd5 Nb7 30. Rd7 Rc8 31. Rxh7 Bd8 32. Rxb7 Bxg5 33. Rdd7 e3 34. fxe3 Bxe3+ 35. Kf1 Rf8+ 36. Ke2 Re8 37. Kf3 Bg5 38. Rxa7 Rf8+ 39. Kg4 Be3 40. Rg7+ Kh8 41. Rh7+ Kg8 42. Rag7# 1-0

[Event "Manaus Region-ch sf"]
[Site "Manaus"]
[Date "2015.11.02"]
[Round "7"]
[White "De Pontes e Souza, Jose Geraldo"]
[Black "Farias, Igor Borge Cardoso"]
[Result "0-1"]
[WhiteElo "1825"]
[BlackElo "1881"]
[PlyCount "70"]
[EventDate "2015.10.30"]
[EventType "swiss"]
[EventRounds "7"]
[EventCountry "BRA"]
[SourceTitle "CBM 169 Extra"]
[Source "ChessBase"]
[SourceDate "2015.12.18"]
[SourceVersion "1"]
[SourceVersionDate "2015.12.18"]
[SourceQuality "1"]

1. e4 c5 2. Nf3 d6 3. d4 cxd4 4. Nxd4 Nf6 5. Nc3 a6 6. Be3 Ng4 7. Bc1 e5 8. Nb3 Qb6 9. Qe2 Nc6 10. Nd5 Qd8 11. h3 Nf6 12. Bg5 h6 13. Bxf6 gxf6 14. 0-0-0 Be6 15. Kb1 Rc8 16. f4 h5 17. f5 Bxd5 18. Rxd5 Nb4 19. Rd2 Bh6 20. Qxh5 Ke7 21. Re2 Qc7 22. c3 Nxa2 23. Kxa2 Qc4 24. Ka3 b5 25. Ka2 Qa4+ 26. Kb1 Qxb3 27. Rc2 b4 28. Qf3 Rc5 29. Be2 Ra5 30. Rcc1 Qa2+ 31. Kc2 bxc3 32. Qxc3 Rc5 33. Qxc5 Qa4+ 34. Kd3 dxc5 35. Rxc5 Qd4+ 0-1

[Event "Manaus Carnaval op"]
[Site "Manaus"]
[Date "2015.02.16"]
[Round "4"]
[White "De Pontes e Souza, Jose Geraldo"]
[Black "Farias, Igor Borge Cardoso"]
[Result "1/2-1/2"]
[WhiteElo "1825"]
[BlackElo "1858"]
[PlyCount "49"]
[EventDate "2015.02.14"]
[EventType "swiss"]
[EventRounds "6"]
[EventCountry "BRA"]
[SourceTitle "CBM 165 Extra"]
[Source "ChessBase"]
[SourceDate "2015.04.21"]
[SourceVersion "1"]
[SourceVersionDate "2015.04.21"]
[SourceQuality "1"]

1. e4 c5 2. Nf3 d6 3. d4 cxd4 4. Nxd4 Nf6 5. Nc3 a6 6. Be3 Ng4 7. Bg5 h6 8. Bh4 g5 9. Bg3 Bg7 10. h3 Nf6 11. e5 dxe5 12. Bxe5 Nbd7 13. Nf5 0-0 14. Bg3 Re8 15. Nxg7 Kxg7 16. Bc4 Qb6 17. Bb3 Nc5 18. 0-0 Nxb3 19. axb3 Bf5 20. Qe2 Rad8 21. Rfd1 Qe6 22. Rd2 Ne4 23. Nxe4 Qxe4 24. Qxe4 Bxe4 25. Rad1 1/2-1/2

[Event "Amazonas zt"]
[Site "Manaus"]
[Date "2013.06.22"]
[Round "5"]
[White "Rodolpho Filho, Joao"]
[Black "De Pontes e Souza, Jose Geraldo"]
[Result "0-1"]
[WhiteElo "1782"]
[BlackElo "1848"]
[PlyCount "146"]
[EventDate "2013.06.09"]
[EventType "swiss"]
[EventRounds "6"]
[EventCountry "BRA"]
[SourceTitle "EXT 2014"]
[Source "ChessBase"]
[SourceDate "2013.11.20"]
[SourceVersion "1"]
[SourceVersionDate "2013.11.20"]
[SourceQuality "1"]

1. d4 Nf6 2. c4 g6 3. Nc3 Bg7 4. e4 d6 5. Nf3 0-0 6. Be2 e5 7. dxe5 dxe5 8. Qxd8 Rxd8 9. 0-0 c6 10. Bg5 Re8 11. Rfd1 h6 12. Be3 Ng4 13. Bc5 Na6 14. Ba3 Nf6 15. b4 Bg4 16. b5 Nc7 17. bxc6 bxc6 18. Rab1 Ne6 19. h3 Bxf3 20. Bxf3 Nd4 21. Bc5 Nxf3+ 22. gxf3 Nh5 23. Rb7 a5 24. Rdd7 Bf8 25. Na4 f5 26. Bxf8 Rxf8 27. Nc5 fxe4 28. Rd6 Rf6 29. Nxe4 Rxd6 30. Nxd6 Nf4 31. Kh2 Rd8 32. Nf7 Rd2 33. Nxe5 g5 34. Rb8+ Kg7 35. Rb7+ Kf6 36. Ng4+ Kg6 37. Ne5+ Kf5 38. Ng4 h5 39. Ne3+ Ke6 40. c5 Rxf2+ 41. Kg3 Re2 42. Rb3 Rxa2 43. h4 Ne2+ 44. Kh3 gxh4 45. Kxh4 Nd4 46. Rd3 Nxf3+ 47. Kxh5 Rh2+ 48. Kg4 Ne5+ 49. Kg3 Nxd3 50. Kxh2 Nxc5 51. Kg2 a4 52. Nc2 Kd5 53. Kf2 Kc4 54. Ke2 Kc3 55. Kd1 Kb2 56. Kd2 a3 57. Nb4 a2 58. Nc2 a1Q 59. Nxa1 Kxa1 60. Kc1 Ka2 61. Kc2 Ka3 62. Kc3 Ka4 63. Kc4 Nd7 64. Kc3 Kb5 65. Kb3 Nf6 66. Kc2 Kc4 67. Kd2 c5 68. Kc2 Ne4 69. Kb2 Kd3 70. Kc1 c4 71. Kd1 Ng3 72. Kc1 Ne2+ 73. Kd1 c3 0-1

[Event "Amazonas zt"]
[Site "Manaus"]
[Date "2013.06.15"]
[Round "2"]
[White "De Pontes e Souza, Jose Geraldo"]
[Black "Benayon, Elismar da Silva"]
[Result "1-0"]
[WhiteElo "1848"]
[BlackElo "1854"]
[PlyCount "115"]
[EventDate "2013.06.09"]
[EventType "swiss"]
[EventRounds "6"]
[EventCountry "BRA"]
[SourceTitle "EXT 2014"]
[Source "ChessBase"]
[SourceDate "2013.11.20"]
[SourceVersion "1"]
[SourceVersionDate "2013.11.20"]
[SourceQuality "1"]

1. e4 e5 2. Nf3 Nc6 3. Bb5 Bc5 4. c3 d6 5. d4 exd4 6. cxd4 Bb4+ 7. Nc3 Bd7 8. 0-0 Nge7 9. d5 Ne5 10. Nxe5 dxe5 11. Qa4 Bxc3 12. bxc3 a6 13. Bxd7+ Qxd7 14. Qxd7+ Kxd7 15. Be3 Rhd8 16. Rfb1 b6 17. c4 f5 18. Bg5 fxe4 19. Re1 Re8 20. Bxe7 Rxe7 21. Rxe4 Kd6 22. Rae1 b5 23. Rc1 bxc4 24. Rexc4 Ra7 25. Rd1 e4 26. Rc6+ Ke5 27. Kf1 a5 28. a4 Rd7 29. Re6+ Kf5 30. Rc6 Rd6 31. Rc5 Ke5 32. Ke2 g5 33. Ke3 c6 34. dxc6+ Ke6 35. Rxd6+ Kxd6 36. Rxg5 Kxc6 37. Kxe4 Re7+ 38. Kd4 Rf7 39. Ke3 Re7+ 40. Kd4 Rf7 41. f3 Kb6 42. Rb5+ Ka6 43. Re5 Rd7+ 44. Ke3 Rb7 45. Re6+ Ka7 46. g4 Rb3+ 47. Kf4 Rb4+ 48. Re4 Kb6 49. Rxb4+ axb4 50. Ke3 Ka5 51. Kd2 Kxa4 52. Kc2 Ka3 53. Kb1 Kb3 54. f4 Kc4 55. f5 Kd4 56. Kb2 Ke5 57. Kb3 h5 58. h3 1-0

[Event "Manaus zt 2.4"]
[Site "Manaus"]
[Date "2013.05.03"]
[Round "9"]
[White "De Pontes e Souza, Jose Geraldo"]
[Black "Da Silva, Mikhail Zoltan Iwan"]
[Result "1-0"]
[WhiteElo "1834"]
[BlackElo "1998"]
[PlyCount "89"]
[EventDate "2013.04.27"]
[EventType "swiss"]
[EventRounds "9"]
[EventCountry "BRA"]
[SourceTitle "CBM 154 Extra"]
[Source "ChessBase"]
[SourceDate "2013.06.25"]
[SourceVersion "2"]
[SourceVersionDate "2013.06.25"]
[SourceQuality "1"]

1. e4 e6 2. d4 d5 3. Nd2 c5 4. exd5 exd5 5. Bb5+ Bd7 6. Qe2+ Be7 7. dxc5 Nf6 8. Nb3 0-0 9. Bxd7 Qxd7 10. Nf3 Re8 11. Be3 Na6 12. 0-0 Nxc5 13. Nfd4 Ng4 14. Qf3 Ne4 15. Nf5 Ne5 16. Nxe7+ Rxe7 17. Qh5 Nf6 18. Qg5 h6 19. Qh4 Ng6 20. Qd4 Re4 21. Qd1 Rh4 22. f3 Qd6 23. g3 Rh5 24. Rf2 Re5 25. Bd4 Re6 26. Re2 Rae8 27. Rxe6 Rxe6 28. Qd2 Ne5 29. Kf2 Nc4 30. Qc3 Nd7 31. Re1 Nde5 32. Nc5 Re7 33. b3 b6 34. bxc4 Nxc4 35. Rxe7 Qxe7 36. Nd3 f6 37. Nf4 Qd7 38. Qe1 Kf7 39. Qb4 Qf5 40. Qc3 g5 41. Qd3 Nd6 42. Qxf5 Nxf5 43. Ne2 Ke6 44. Bb2 Kd6 45. Nd4 1-0

[Event "BRA-ch sf-B"]
[Site "Fortaleza"]
[Date "2012.11.04"]
[Round "8"]
[White "De Pontes e Souza, Jose Geraldo"]
[Black "Galvao Barata, Hemar Antonio"]
[Result "0-1"]
[WhiteElo "1875"]
[BlackElo "2028"]
[PlyCount "96"]
[EventDate "2012.11.01"]
[EventType "swiss"]
[EventRounds "8"]
[EventCountry "BRA"]
[SourceTitle "EXT 2013"]
[Source "ChessBase"]
[SourceDate "2012.11.22"]
[SourceVersion "1"]
[SourceVersionDate "2012.11.22"]
[SourceQuality "1"]

1. e4 c5 2. Nf3 Nc6 3. d4 cxd4 4. Nxd4 Nf6 5. Nc3 e5 6. Nf5 d5 7. Ng3 d4 8. Nb5 a6 9. Na3 b5 10. Be2 Bb4+ 11. Bd2 Qa5 12. Nb1 Be6 13. 0-0 Rc8 14. a3 0-0 15. Qe1 Bxd2 16. Nxd2 Ne7 17. Rc1 Ng6 18. Nf3 Qxe1 19. Nxe1 Nf4 20. Bd3 Rc7 21. f3 Rfc8 22. Rf2 g6 23. Nf1 Bc4 24. Rd1 Nd7 25. Rfd2 Bxd3 26. cxd3 Rc1 27. g3 Ne6 28. Kg2 Nb6 29. Rxc1 Rxc1 30. Kf2 Na4 31. Rc2 Rxc2+ 32. Nxc2 Nxb2 33. Ke2 a5 34. Nd2 Nc5 35. Ne1 a4 36. f4 f6 37. fxe5 fxe5 38. Ndf3 Nd7 39. Nc2 Kg7 40. Nb4 h6 41. Kd2 Kf6 42. Kc2 Nc4 43. dxc4 bxc4 44. Nd5+ Ke6 45. Nh4 Nc5 46. Nb6 d3+ 47. Kd1 c3 48. Nf3 c2+ 0-1

[Event "BRA-ch sf-B"]
[Site "Fortaleza"]
[Date "2012.11.04"]
[Round "7"]
[White "Luz, Edmundo Reis"]
[Black "De Pontes e Souza, Jose Geraldo"]
[Result "1-0"]
[WhiteElo "2135"]
[BlackElo "1875"]
[PlyCount "39"]
[EventDate "2012.11.01"]
[EventType "swiss"]
[EventRounds "8"]
[EventCountry "BRA"]
[SourceTitle "EXT 2013"]
[Source "ChessBase"]
[SourceDate "2012.11.22"]
[SourceVersion "1"]
[SourceVersionDate "2012.11.22"]
[SourceQuality "1"]

1. e4 g6 2. d4 Bg7 3. Nc3 d6 4. Nf3 Nf6 5. Bg5 h6 6. Bf4 g5 7. Be3 Ng4 8. Bd2 e5 9. d5 Nf6 10. h3 0-0 11. Ne2 Nxe4 12. Ng3 Nxg3 13. fxg3 e4 14. Ng1 Bxb2 15. Rb1 Be5 16. Qh5 Bxg3+ 17. Kd1 Qf6 18. Ne2 Be5 19. h4 g4 20. Bxh6 1-0

[Event "Manaus Taj Mahal op"]
[Site "Manaus"]
[Date "2012.09.14"]
[Round "2"]
[White "De Pontes e Souza, Jose Geraldo"]
[Black "De Oliveira, Leonardo Souza A"]
[Result "0-1"]
[WhiteElo "1889"]
[BlackElo "2073"]
[PlyCount "94"]
[EventDate "2012.09.14"]
[EventType "swiss"]
[EventRounds "6"]
[EventCountry "BRA"]
[SourceTitle "EXT 2013"]
[Source "ChessBase"]
[SourceDate "2012.11.22"]
[SourceVersion "1"]
[SourceVersionDate "2012.11.22"]
[SourceQuality "1"]

1. e4 e5 2. Nf3 Nc6 3. Bb5 a6 4. Bxc6 dxc6 5. 0-0 Bd6 6. d4 exd4 7. Qxd4 f6 8. Nbd2 Be6 9. e5 Bxe5 10. Qxd8+ Rxd8 11. Nxe5 fxe5 12. Re1 Ne7 13. Rxe5 Kf7 14. Re1 Bf5 15. c4 c5 16. Nf3 Nc6 17. a3 Nd4 18. Nxd4 cxd4 19. c5 Bc2 20. Bd2 Rd5 21. b4 Re8 22. Rxe8 Kxe8 23. Re1+ Kd7 24. f3 Kc6 25. Kf2 Rd7 26. g4 Kb5 27. Re5 Kc4 28. c6 bxc6 29. Rc5+ Kd3 30. Bf4 Ba4 31. h4 Bb5 32. h5 Rd5 33. Rc1 a5 34. Bxc7 axb4 35. axb4 g5 36. hxg6 hxg6 37. f4 Kd2 38. Ra1 Kc2 39. Bb6 Bc4 40. Kg3 d3 41. Be3 d2 42. Bxd2 Rxd2 43. Kh4 Kb3 44. Kg5 Bd3 45. f5 gxf5 46. gxf5 Rf2 47. f6 Rf5+ 0-1

[Event "Manaus FAX 4th"]
[Site "Manaus"]
[Date "2012.08.25"]
[Round "4.3"]
[White "De Pontes e Souza, Jose Geraldo"]
[Black "Farias, Sergio Luiz Cardoso"]
[Result "1-0"]
[WhiteElo "1906"]
[BlackElo "1547"]
[PlyCount "105"]
[EventDate "2012.08.18"]
[EventType "swiss"]
[EventRounds "7"]
[EventCountry "BRA"]
[SourceTitle "EXT 2022"]
[Source "ChessBase"]
[SourceDate "2021.10.06"]
[SourceVersion "1"]
[SourceVersionDate "2021.10.06"]
[SourceQuality "1"]

1. e4 c6 2. d4 d5 3. exd5 cxd5 4. c4 e6 5. Nc3 Bb4 6. Nf3 Nf6 7. cxd5 Nxd5 8. Qc2 Nd7 9. a3 Ba5 10. Bd3 Qc7 11. 0-0 Nxc3 12. bxc3 Qxc3 13. Qb1 Qc7 14. Bxh7 Nf6 15. Bd3 a6 16. g3 Ng4 17. Bf4 Qe7 18. Ra2 Bc7 19. Bxc7 Qxc7 20. Rc1 Qd7 21. Rac2 b5 22. Rc7 Qd8 23. Be4 Rb8 24. Qb4 Bd7 25. Rxd7 Kxd7 26. Bc6+ Kc8 27. Bxb5+ Kb7 28. Bc6+ Ka7 29. Qc5+ Rb6 30. a4 Qc7 31. a5 Qxc6 32. axb6+ Qxb6 33. Qe7+ Ka8 34. Qxf7 Nxf2 35. Qg6 Nh3+ 36. Kg2 Qb7 37. Qxe6 Qb2+ 38. Kh1 Qxc1+ 39. Ne1 Ng5 40. Qxa6+ Kb8 41. Qb6+ Kc8 42. Qa6+ Kd7 43. Qb5+ Ke7 44. Qe5+ Kf7 45. Qf5+ Ke7 46. Qe5+ Ne6 47. d5 Rh6 48. dxe6 Rxe6 49. Qxg7+ Kd6 50. Qf8+ Kd5 51. Qf5+ Re5 52. Qd7+ Ke4 53. Qd3# 1-0